〈ポケモン〉シルエットクイズ #4 - Statistics

General Stats
  • This quiz has been taken 57 times
  • The average score is 12 of 15
Answer Stats
Picture Answer % Correct
コイキング
100%
ニャース
98%
カモネギ
96%
フリーザー
92%
リザード
89%
ダグトリオ
83%
コクーン
79%
ピクシー
79%
サンドパン
77%
ケーシィ
75%
ニョロモ
74%
ゴルダック
72%
オムナイト
70%
ウインディ
68%
ニドリーナ
64%
No matching quizzes found
Score Distribution
Percent of People with Each Score
Percentile by Number Answered
Your Score History
You have not taken this quiz